书目信息 |
| 题名: |
日本前卫陶艺
|
|
| 作者: | 赵云川 著 | |
| 分册: | ||
| 出版信息: | 北京 人民美术出版社 2019.11 |
|
| 页数: | 225页 | |
| 开本: | 20cm | |
| 丛书名: | 日本近现代工艺美术丛书 | |
| 单 册: | ||
| 中图分类: | J537(313 | |
| 科图分类: | ||
| 主题词: | 陶瓷艺术--tao ci yi shu--工艺美术评论--日本 | |
| 电子资源: | ||
| ISBN: | 978-7-102-08208-0 | |
| 000 | 01039nam 2200265 450 | |
| 001 | 2030006986 | |
| 005 | 20201106082018.07 | |
| 010 | @a978-7-102-08208-0@b精装@dCNY69.00 | |
| 100 | @a20200115d2019 em y0chiy50 ea | |
| 101 | 0 | @achi |
| 102 | @aCN@b110000 | |
| 105 | @aa a 000yy | |
| 200 | 1 | @a日本前卫陶艺@Ari ben qian wei tao yi@f赵云川著 |
| 210 | @a北京@c人民美术出版社@d2019.11 | |
| 215 | @a225页@c彩图@d20cm | |
| 225 | 2 | @a日本近现代工艺美术丛书@Ari ben jin xian dai gong yi mei shu cong shu |
| 314 | @a赵云川, 毕业于中国艺术研究院研究生院。 | |
| 320 | @a有书目 | |
| 330 | @a本书主要介绍以新锐工艺团体“走泥社”为引领的前卫陶艺。书中可以了解到前卫陶艺是如何在“分栖共存”格局中, 以强调艺术生存本身所具有的独立品格和批判立场, 以及其完全颠覆性的工艺造物观念来展开自己的创作实践活动的。 | |
| 410 | 0 | @12001 @a日本近现代工艺美术丛书 |
| 606 | 0 | @a陶瓷艺术@Atao ci yi shu@x工艺美术评论@y日本 |
| 690 | @aJ537(313@v5 | |
| 701 | 0 | @a赵云川@Azhao yun chuan@4著 |
| 801 | 0 | @aCN@b人天书店@c20201004 |
| 905 | @aZUCC@dJ537@eZ340 | |
| 日本前卫陶艺/赵云川著.-北京:人民美术出版社,2019.11 |
| 225页:彩图;20cm.-(日本近现代工艺美术丛书) |
| ISBN 978-7-102-08208-0(精装):CNY69.00 |
| 本书主要介绍以新锐工艺团体“走泥社”为引领的前卫陶艺。书中可以了解到前卫陶艺是如何在“分栖共存”格局中, 以强调艺术生存本身所具有的独立品格和批判立场, 以及其完全颠覆性的工艺造物观念来展开自己的创作实践活动的。 |
| ● |
| 相关链接 |
|
|
|
正题名:日本前卫陶艺
索取号:J537/Z340
 
预约/预借
| 序号 | 登录号 | 条形码 | 馆藏地/架位号 | 状态 | 备注 |
| 1 | 1481136 | 214811364 | 社科库309/309社科库 90排3列2层/ [索取号:J537/Z340] | 在馆 | |
| 2 | 1481137 | 214811373 | 社科库309/309社科库 90排3列2层/ [索取号:J537/Z340] | 在馆 | |
| 3 | 1481138 | 214811382 | 社科库309/309社科库 90排3列2层/ [索取号:J537/Z340] | 在馆 |